zpět

Detail výsledku týmu

eSko-klub, Břeclav

Datum a čas kvízu

41.5 Celkem bodů Celkový počet nahraných bodů na tomto kvízu bez doplňovacích otázek.
1. Pořadí na kvízu Konečné umístění týmu na tomto kvízu.

Zaznamenané odpovědi

# Otázka Odpověď Body Výsledky
1. Bourání dálničního mostu, kter... Hradec Králové, D11 1
2. Manželka premiéra jedné evrops... Boris Johnson 1
3. Jeden z největších pornografic... Pornhub 1
4. Doplňte název první české přír... bučiny 1
5. Čtvrteční ráno bylo ve znamení... Jiří Lipták, David Kostelecký 1
6. V tomto tématu se zaměříme na... Daniela Drtinová 1
7. V populaci se jako druhé nejča... obsedantně kompulzivní 1
8. Lék ze skupiny benzodiazepinů... Xanax 1
9. Depresivní poruchou trpí známý... Jim Carrey 1
10. Lithium se používá v psychiatr... 1991 (Uznáváme 1989–93.) 1